| 000 | 00836nas a2200229 454500 | ||
|---|---|---|---|
| 001 | 36520 | ||
| 005 | 20260407193509.0 | ||
| 008 | 260407s2014####ag###########|||spa#d | ||
| 003 | AR-UNSa-BCEJYS | ||
| 040 |
_aAR-UNSa-BCEJYS _bspa _cAR-UNSa-BCEJYS |
||
| 080 |
_a378.4(826.7) _xUniversidad Nacional de Salta |
||
| 245 | 1 | 0 |
_aUNSa _pMi sabiduría viene de esta tierra |
| 264 | 1 |
_aSalta : _bEUNSa (Editorial de la Universidad Nacional de Salta) _c2014 |
|
| 310 | _aFrecuencia: Irregular | ||
| 041 | _aspa | ||
| 942 | _cSER | ||
| 590 | _aniveau_biblio:s niveau_hierar:1 | ||
| 100 | 1 | _aUniversidad Nacional de Salta. Secretaría de Extensión Universitaria | |
| 650 | _aUNIVERSIDAD NACIONAL DE SALTA | ||
| 650 | _aEDUCACION SUPERIOR | ||
| 856 | 4 | 1 |
_uhttps://biblioeco.unsa.edu.ar/pmb/images/revistas/diariUnsa1.jpg _yImagen de portada _qimage/jpeg |
| 999 |
_c8788 _d8788 |
||